| 000 | 01518cam a2200385 a 4500 | ||
|---|---|---|---|
| 999 |
_c530199 _d530199 |
||
| 001 | 15412170 | ||
| 003 | NUST | ||
| 005 | 20191014113315.0 | ||
| 008 | 080814s2009 enkab b 001 0 eng | ||
| 010 | _a 2008035192 | ||
| 020 | _a9780415469869 (hardback : alk. paper) | ||
| 020 | _a0415469864 (hardback : alk. paper) | ||
| 020 | _a9780415469876 (pbk. : alk. paper) | ||
| 020 | _a0415469872 (pbk. : alk. paper) | ||
| 020 | _a9780203894460 (ebook) | ||
| 020 | _a0203894464 (ebook) | ||
| 035 | _a(OCoLC)ocn227918461 | ||
| 038 | _aMSOHAIL | ||
| 040 |
_aDLC _cDLC _dBTCTA _dBAKER _dYDXCP _dBWKUK _dBWK _dOCLCQ _dDLC |
||
| 043 | _ae-uk--- | ||
| 050 | 0 | 0 |
_aHE243 _b.H43 2009 |
| 082 | 0 | 0 |
_a388.0941 _222 |
| 100 | 1 |
_aHeadicar, Peter. _923630 |
|
| 245 | 1 | 0 |
_aTransport policy and planning in Great Britain _cPeter Headicar. |
| 260 |
_aLondon ; _aNew York : _bRoutledge, _c2009. |
||
| 300 |
_axxiii, 470 p. : _bill., maps ; _c24 cm. |
||
| 440 | 4 |
_aThe natural and built environment series _923619 |
|
| 504 | _aIncludes bibliographical references (p. [449]-460) and index. | ||
| 650 | 0 |
_aTransportation and state _zGreat Britain. _923631 |
|
| 650 | 0 |
_aTransportation _zGreat Britain _xPlanning. _923632 |
|
| 856 | 4 | 1 |
_3Table of contents only _uhttp://www.loc.gov/catdir/toc/ecip0826/2008035192.html |
| 906 |
_a7 _bcbc _corignew _d1 _eecip _f20 _gy-gencatlg |
||
| 942 |
_2ddc _cBK |
||